| 000 | 02045cam a22005054i 4500 | ||
|---|---|---|---|
| 003 | PE-LiUPU | ||
| 005 | 20250731173117.0 | ||
| 008 | 190826s2011 flua r 000 0 spa d | ||
| 020 | _a9875677450 | ||
| 020 | _a9789875677456 | ||
| 035 | _a(Sirsi) a252518 | ||
| 040 |
_aPE-LiUPU _bspa _cPE-LiUPU _erda |
||
| 049 | _aPRUA | ||
| 082 | 0 | 4 |
_a268.4 _bM9 _223 |
| 245 | 0 | 3 |
_aEl mundo que nos rodea / _cdirector, José María Barbosa Silva. |
| 250 | _a2a. edición. | ||
| 264 | 1 |
_aFlorida : _bAsociación casa editora Sudamericana, _c2011. |
|
| 300 |
_a127 páginas : _bilustraciones ; _c21 centímetros |
||
| 336 |
_atext _2rdacontent |
||
| 337 |
_aunmediated _2rdamedia |
||
| 338 |
_avolume _2rdacarrier |
||
| 505 | 0 | _aMedios de comunicación y noticias -- Prejuicios -- Violencia -- Pornografía -- Hambre -- SIDA -- Aborto -- Homosexualidad -- Ecología -- Servicio -- Celebración -- Misión cristiana. | |
| 526 | _aSEG42 | ||
| 526 | _aSEG41 | ||
| 526 | _aSEG40 | ||
| 526 | _aSEG39 | ||
| 526 | _aP94 | ||
| 526 | _aP87 | ||
| 526 | _aP86 | ||
| 526 | _aP85 | ||
| 526 | _aP77 | ||
| 526 | _aP76 | ||
| 526 | _aP35 | ||
| 650 | 0 | 4 | _aEducación religiosa. |
| 700 | 1 |
_aBarbosa Silva,José María, _edirector. |
|
| 910 |
_abgr _bksl _cksl _d20190826 |
||
| 942 |
_2ddc _cBOOK |
||
| 994 |
_aC0 _bPEPRU |
||
| 596 | _a1 | ||
| 999 |
_a268.4 M9 _wDEWEY _c31745 _i80637 _lCRAI-HOUSE _mBUL _p3.12 _r0 _sY _tBOOK _u2019-8-26 _xCOLEGIO _zUNKNOWN _0DONACION _o.STAFF. Colección general _d31745 |
||
| 999 |
_a268.4 M9 _wDEWEY _c2 _i80636 _lCRAI-HOUSE _mBUL _p3.12 _r0 _sY _tBOOK _u2019-8-26 _xCOLEGIO _zUNKNOWN _0DONACION _o.STAFF. Colección General |
||
| 999 |
_a268.4 M9 _wDEWEY _c3 _i80635 _lCRAI-HOUSE _mBUL _p3.12 _r0 _sY _tBOOK _u2019-8-26 _xCOLEGIO _zUNKNOWN _0DONACION _o.STAFF. Colección General |
||
| 999 |
_a268.4 M9 _wDEWEY _c4 _i80634 _lCRAI-HOUSE _mBUL _p3.12 _r0 _sY _tBOOK _u2019-8-26 _xCOLEGIO _zUNKNOWN _0DONACION _o.STAFF. Colección General |
||
| 980 |
_81 _gALBERTO SANCHEZ Responsable de Automatización |
||